Puede llegar a desembocar en una guerra civil: entrevista exclusiva a Fernando Sánchez López presidente del Partdio Solidario Democrátiica de Cuba (PSD)

Uloženo v:
Podrobná bibliografie
Médium: Text
Témata:
Tagy: Přidat tag
Žádné tagy, Buďte první, kdo vytvoří štítek k tomuto záznamu!

MARC

LEADER 00000 a a2200000 04500
001 9736
003
040
245 |a Puede llegar a desembocar en una guerra civil:   |b entrevista exclusiva a Fernando Sánchez López presidente del Partdio Solidario Democrátiica de Cuba (PSD)  
650 |a PROBLEMAS POLITICOS  
650 |a PROBLEMAS SOCIALES  
650 |a PARTIDOS POLITICOS  
650 |a DERECHOS HUMANOS  
650 |a DEMOCRACIA  
650 |a CUBA  
773 |g número 5 -6; páginas 54-60  
999 |c 29827  |d 29827